000 00740nas a2200241Ia 4500
001 R415/38253
003 IT-RoPAU
008 151124c99999999xx |||||||||||| ||und||
040 _aIT-RoPAU
040 _cIT-RoPAU
041 _aFRANCESE
100 _aBoulez Pierre
_gCodice Aut. SPICS: 8911
210 _aMUSIQUE EN JEU
222 _aMusique En Jeu
245 _aMUSIQUE EN JEU (22) SPECTACLE MUSIQUE II
_bDer Raum Wird Hier Zur Zeit. Wieland Wagner In Memoriam
250 _a1a ed.
260 _aPARIS
_bSEUIL
_c1976
501 _bPaulus - SPICS - Società San Paolo EM (non-commercial uses only)
_cCopyright2015
300 _a2 p. [107-108]
362 _aVOL.22,
650 _aMUSICA
_vPUBBLICAZIONE PERIODICA
942 _cCR
999 _c184776
_d184776